01445cpcaa2200289 4500001001300000003000400013005001700017008004100034010003100075040002400106072001200130100003900142245004500181300001600226300003600242506002200278520049800300545001500798546003600813600005600849600005400905610003900959650005200998651006401050656002401114999001701138mm 79018820 DLC20260227111655.0790726|||||||||||| eng  amm 79018820 bms 66001398  aDLCedacscDLCdDLC 7aW2lcmd1 aDouglas, John Hancock,d1824-1892.00aJohn Hancock Douglas papers,f1861-1885. a250fitems. a1fcontainer plusa1foversize.0 aOpen to research.8 aLetters (1861-1864) from Douglas to his brother, George Douglas, written from various headquarters of the U.S. Sanitary Commission, of which Douglas was chief of inspection and associate secretary. Manuscripts and printed copies of his writings, and pencilled notes (1885) from Ulysses S. Grant to Douglas, who was his physician. Includes typescript of "Record of the Last Days of the Magnanimous Soldier, U. S. Grant" by Douglas, a scrapbook, engravings, and other papers relating to Grant.0 aPhysician. aCollection material in English.10aDouglas, George,dactive 1861-1864vCorrespondence.10aGrant, Ulysses S.q(Ulysses Simpson),d1822-1885.20aUnited States Sanitary Commission. 0aMedicinexPracticezNew York (State)zNew York. 0aUnited StatesxHistoryyCivil War, 1861-1865xMedical care. 7aPhysicians.2itoamc c42191d42191